[Event "FRA-chT"]
[Site "FRA"]
[Date "1998.05.09"]
[Round "9"]
[White "Giacomini, Hector"]
[Black "Kleinplatz, Sam"]
[Result "1/2-1/2"]
[WhiteElo "2305"]
[BlackElo "2335"]
[PlyCount "103"]
[EventDate "1998.02.06"]
[Source "ChesBase"]
[SourceDate "1998.07.07"]

1. d4 Nf6 2. Nf3 g6 3. c4 Bg7 4. Nc3 d5 5. e3 O-O 6. Be2 c5 7. O-O cxd4 8. exd4
Nc6 9. Re1 Be6 10. cxd5 Nxd5 11. Bg5 Qa5 12. Qd2 Rfd8 13. Bh6 Bh8 14. Red1 Rac8
15. h3 Nb6 16. Qf4 Qf5 17. Qxf5 Bxf5 18. Be3 Nb4 19. Bg5 Kf8 20. Bh6+ Bg7 21.
Bxg7+ Kxg7 22. a3 N4d5 23. Nxd5 Nxd5 24. Rac1 Be4 25. g3 Nb6 26. Rc5 Rxc5 27.
dxc5 Rxd1+ 28. Bxd1 Nc4 29. Bb3 Nxb2 30. Ng5 Bc6 31. Nxf7 Nd3 32. Nd8 Nxc5 33.
Nxc6 bxc6 34. Bc2 Kf6 35. f4 Ke6 36. Kf2 Kd5 37. Ke3 e6 38. h4 Nd7 39. h5 gxh5
40. Bxh7 Nf6 41. Bg6 c5 42. Bf7 Kd6 43. Kd3 a6 44. a4 e5 45. fxe5+ Kxe5 46. a5
Ne4 47. Bxh5 Nxg3 48. Bf3 Nf5 49. Bb7 Nd4 50. Kc4 Kd6 51. Bxa6 Nc6 52. Kb5
1/2-1/2

[Event "FRA-chT"]
[Site "FRA"]
[Date "1998.05.09"]
[Round "9"]
[White "Glavina, Pablo"]
[Black "Sokolov, Andrei"]
[Result "0-1"]
[WhiteElo "2425"]
[BlackElo "2580"]
[PlyCount "162"]
[EventDate "1998.02.06"]
[Source "ChesBase"]
[SourceDate "1998.07.07"]

1. e4 c5 2. c3 d5 3. exd5 Qxd5 4. d4 g6 5. dxc5 Qxc5 6. Na3 a6 7. Nf3 Bg7 8.
Nc4 Nd7 9. Be3 Qc7 10. a4 Nh6 11. Bd4 O-O 12. Bxg7 Kxg7 13. Qd4+ f6 14. Ne3 Nc5
15. Bc4 Nf5 16. Nxf5+ Bxf5 17. O-O Rad8 18. Qe3 e5 19. Nd2 Bd3 20. Rfd1 Bxc4
21. Nxc4 Nb3 22. Qe2 Nxa1 23. Rxa1 Qc6 24. h4 h5 25. Nd2 Qd5 26. Ne4 Rf7 27.
Qe3 Qb3 28. Nc5 Qxb2 29. Ne6+ Kh7 30. Nxd8 Qxa1+ 31. Kh2 Rd7 32. Qc5 Qxa4 33.
c4 Qd1 34. Ne6 Qd6 35. Nf8+ Kg7 36. Nxd7 Qxd7 37. g3 Kf7 38. Kg1 Qd1+ 39. Kg2
Qd7 40. Kg1 Qc6 41. Qa7 e4 42. Qa8 Ke7 43. Qg8 Qe8 44. Qd5 Qc6 45. Qg8 f5 46.
Qg7+ Kd8 47. c5 a5 48. Qd4+ Ke8 49. Qh8+ Kf7 50. Qh7+ Kf6 51. Qh8+ Ke6 52. Qg8+
Ke5 53. Qh8+ Kd5 54. Qd8+ Kxc5 55. Qxa5+ b5 56. Qc3+ Kd5 57. Qd2+ Ke5 58. Qb2+
Ke6 59. Qg7 Kd5 60. Qb2 Qc4 61. Qg7 Qc1+ 62. Kg2 Qc6 63. Qb2 e3 64. fxe3 Kc4+
65. Kf2 b4 66. Qc2+ Kb5 67. Qd3+ Ka4 68. Qd4 Qc2+ 69. Kf1 Qe4 70. Qa1+ Kb5 71.
Ke2 b3 72. Qg7 Qg2+ 73. Kd1 Qc2+ 74. Ke1 b2 75. Qb7+ Kc4 76. Qc6+ Kb3 77. Qb5+
Ka3 78. Qa5+ Qa4 79. Qc3+ Ka2 80. Qd2 Qc4 81. Kf2 Kb3 0-1

[Event "FRA-chT"]
[Site "FRA"]
[Date "1998.05.09"]
[Round "9"]
[White "Guadalpi, David"]
[Black "Flouzat, Jean Marc"]
[Result "1-0"]
[WhiteElo "2260"]
[BlackElo "2225"]
[PlyCount "61"]
[EventDate "1998.02.06"]
[Source "ChesBase"]
[SourceDate "1998.07.07"]

1. e4 c6 2. d4 d5 3. exd5 cxd5 4. Bd3 Nf6 5. c3 Qc7 6. Ne2 e6 7. Bf4 Bd6 8.
Bxd6 Qxd6 9. Nd2 Nc6 10. Nf3 Bd7 11. O-O O-O 12. Re1 Rab8 13. Ng3 b5 14. a3 a5
15. Ne5 Rfc8 16. Nh5 Ne8 17. Re3 Nxe5 18. dxe5 Qe7 19. Rg3 g6 20. Qf3 Kh8 21.
Nf4 Ng7 22. Qg4 b4 23. axb4 axb4 24. Rh3 Be8 25. Rh6 Qf8 26. Qh4 Qg8 27. cxb4
d4 28. Qe7 Nf5 29. Bxf5 exf5 30. Nd5 Qg7 31. Qh4 1-0

[Event "FRA-chT"]
[Site "FRA"]
[Date "1998.05.09"]
[Round "9"]
[White "Hamdouchi, Hichem"]
[Black "Godena, Michele"]
[Result "1/2-1/2"]
[WhiteElo "2535"]
[BlackElo "2500"]
[PlyCount "88"]
[EventDate "1998.02.06"]
[Source "ChesBase"]
[SourceDate "1998.07.07"]

1. e4 e5 2. Nf3 Nc6 3. Bb5 a6 4. Ba4 Nf6 5. O-O b5 6. Bb3 Bc5 7. Nxe5 Nxe5 8.
d4 Bxd4 9. Qxd4 d6 10. c3 c5 11. Qe3 O-O 12. Bc2 Bb7 13. Nd2 Re8 14. a4 d5 15.
Nb3 c4 16. Nc5 Bc6 17. axb5 axb5 18. Rxa8 Qxa8 19. exd5 Nd3 20. Qh3 Nxc1 21.
Rxc1 Bxd5 22. Bf5 h6 23. Nd7 Nxd7 24. Bxd7 Re2 25. Bxb5 Rxb2 26. Qd7 Be6 27.
Qe8+ Qxe8 28. Bxe8 g5 29. h3 Bf5 30. Bc6 Kg7 31. g4 Bd3 32. Kg2 f5 33. gxf5
Bxf5 34. Bd5 Bd3 35. Kg3 Kf6 36. f4 Kf5 37. fxg5 hxg5 38. Bf3 Be4 39. Bg4+ Ke5
40. h4 gxh4+ 41. Kxh4 Rh2+ 42. Kg3 Rg2+ 43. Kh3 Rc2 44. Rxc2 Bxc2 1/2-1/2

[Event "FRA-chT"]
[Site "FRA"]
[Date "1998.05.09"]
[Round "9"]
[White "Hauchard, Arnaud"]
[Black "Maier, Christian"]
[Result "1-0"]
[WhiteElo "2480"]
[BlackElo "2380"]
[PlyCount "41"]
[EventDate "1998.02.06"]
[Source "ChesBase"]
[SourceDate "1998.07.07"]

1. c4 e5 2. Nc3 Bb4 3. Nd5 Bc5 4. Nf3 Nc6 5. e3 a6 6. d4 exd4 7. exd4 Ba7 8.
Bg5 Nce7 9. Be2 f6 10. Nxe7 Nxe7 11. Bf4 O-O 12. O-O d5 13. c5 g5 14. Bg3 Nf5
15. Bd3 Nxg3 16. fxg3 Be6 17. Qc2 Qd7 18. b4 c6 19. a4 Bb8 20. Nxg5 f5 21. Rae1
1-0

[Event "FRA-chT"]
[Site "FRA"]
[Date "1998.05.09"]
[Round "9"]
[White "Herb, Pascal"]
[Black "Neuillet, Alexandre"]
[Result "1-0"]
[WhiteElo "2345"]
[BlackElo "2245"]
[PlyCount "95"]
[EventDate "1998.02.06"]
[Source "ChesBase"]
[SourceDate "1998.07.07"]

1. e4 c5 2. Nf3 d6 3. d4 cxd4 4. Nxd4 Nf6 5. Nc3 a6 6. Bd3 e5 7. Nde2 Be7 8.
O-O b5 9. Ng3 g6 10. f4 Qb6+ 11. Kh1 h5 12. fxe5 dxe5 13. Qf3 Rh7 14. Be3 Qb7
15. a4 Bg4 16. Qf2 h4 17. axb5 hxg3 18. Qxg3 Be6 19. bxa6 Nxa6 20. Qxe5 Ng4 21.
Qb5+ Qxb5 22. Bxb5+ Bd7 23. Bf4 Bxb5 24. Nxb5 Kd7 25. h3 Bc5 26. c3 Nf2+ 27.
Kh2 Nxe4 28. Ra4 Nc7 29. Rd1+ Kc6 30. Rxe4 Nxb5 31. Rc4 Kb6 32. b4 Bf2 33. Rd2
g5 34. Bxg5 f6 35. Bxf6 Be3 36. Rd5 Rf7 37. Bd8+ Ka6 38. h4 Bf4+ 39. g3 Bc7 40.
Bxc7 Nxc7 41. Ra5+ Kb7 42. Rxa8 Nxa8 43. Kh3 Nb6 44. Rf4 Rc7 45. h5 Nd5 46. Rf5
Kc6 47. Kh4 Rh7 48. g4 1-0

[Event "FRA-chT"]
[Site "FRA"]
[Date "1998.05.09"]
[Round "9"]
[White "Ikonnikov, Vyacheslav"]
[Black "Koch, Jean Rene"]
[Result "1-0"]
[WhiteElo "2550"]
[BlackElo "2490"]
[PlyCount "119"]
[EventDate "1998.02.06"]
[Source "ChesBase"]
[SourceDate "1998.07.07"]

1. d4 Nf6 2. Nf3 c5 3. d5 e6 4. c4 b5 5. Bg5 b4 6. e4 d6 7. Bd3 a5 8. Bc2 Be7
9. Ba4+ Nfd7 10. dxe6 Bxg5 11. exd7+ Bxd7 12. Bxd7+ Nxd7 13. Nbd2 Bf6 14. Qc2
a4 15. Rd1 O-O 16. O-O Nb8 17. Rfe1 Nc6 18. Nf1 Nd4 19. Nxd4 Bxd4 20. Ne3 b3
21. axb3 axb3 22. Qxb3 Rb8 23. Qd3 Rxb2 24. Nc2 Be5 25. g3 Qa5 26. Rb1 Rfb8 27.
Rxb2 Rxb2 28. Ra1 Ra2 29. Rxa2 Qxa2 30. Kg2 g6 31. h4 h5 32. Ne1 Bd4 33. Qc2
Qa1 34. Nf3 Qc3 35. Qxc3 Bxc3 36. Kf1 f5 37. exf5 gxf5 38. Ng5 Bd2 39. Ke2 Bc1
40. Kd1 Bxg5 41. hxg5 f4 42. Ke2 fxg3 43. fxg3 Kg7 44. Ke3 Kf7 45. Kf3 Kg7 46.
Ke4 Kg6 47. Kf4 Kg7 48. Kf5 Kf7 49. g6+ Kg7 50. Kg5 d5 51. cxd5 c4 52. Kf4 c3
53. Ke3 Kxg6 54. Kd3 Kf5 55. Kxc3 Kg4 56. d6 Kxg3 57. d7 h4 58. d8=Q h3 59.
Qg5+ Kf3 60. Qg1 1-0

[Event "FRA-chT"]
[Site "FRA"]
[Date "1998.05.09"]
[Round "9"]
[White "Kovarcik, Thomas"]
[Black "Rodier, Arnaud"]
[Result "1/2-1/2"]
[WhiteElo "2190"]
[BlackElo "2195"]
[PlyCount "111"]
[EventDate "1998.02.06"]
[Source "ChesBase"]
[SourceDate "1998.07.07"]

1. e4 c5 2. Nc3 e6 3. g3 d6 4. Bg2 Nc6 5. d3 Nf6 6. f4 Be7 7. Nf3 O-O 8. O-O a6
9. h3 b5 10. a3 Qb6 11. Kh1 Bb7 12. g4 Nd7 13. f5 b4 14. Ne2 Nce5 15. Nxe5 Nxe5
16. axb4 cxb4 17. d4 Nd7 18. Nf4 exf5 19. gxf5 Bf6 20. c3 Rfe8 21. Qd3 a5 22.
Rg1 Bh4 23. Be3 bxc3 24. bxc3 Qa6 25. Qxa6 Rxa6 26. d5 Nf6 27. Bd4 g6 28. Rab1
Bc8 29. Rb8 Nd7 30. Rb2 Bg3 31. Ne2 Be5 32. fxg6 hxg6 33. Ra1 Nf6 34. Bxe5 Rxe5
35. Rb8 Re8 36. Nd4 Bd7 37. Rb7 a4 38. Nc6 Kg7 39. Nb8 Bc8 40. Rb4 Ra8 41.
Raxa4 Rxa4 42. Rxa4 Bxh3 43. Bxh3 Rxb8 44. Kg2 Rb7 45. Rc4 Nd7 46. Bxd7 Rxd7
47. Kf3 Kf6 48. Kf4 Ke7 49. Kg5 Ra7 50. Kf4 Kd7 51. e5 Ra1 52. exd6 Kxd6 53.
Rd4 f5 54. c4 Rc1 55. Kg5 Rg1+ 56. Kf4 1/2-1/2

[Event "FRA-chT"]
[Site "FRA"]
[Date "1998.05.09"]
[Round "9"]
[White "Lefebvre, Herve"]
[Black "Harovelo, Ingmar"]
[Result "0-1"]
[WhiteElo "2125"]
[BlackElo "2285"]
[PlyCount "82"]
[EventDate "1998.02.06"]
[Source "ChesBase"]
[SourceDate "1998.07.07"]

1. d4 Nf6 2. c4 e6 3. Nc3 Bb4 4. Qc2 c5 5. dxc5 O-O 6. Bg5 h6 7. Bh4 Nc6 8. Nf3
Bxc5 9. e4 Be7 10. Rd1 d5 11. cxd5 exd5 12. exd5 Nb4 13. Qb3 Qb6 14. Bc4 Bf5
15. Nd4 Bg6 16. O-O Rac8 17. Rfe1 Qc5 18. Bf1 Rfd8 19. Na4 Qc7 20. Bg3 Bd6 21.
Nb5 Bc2 22. Qa3 Qa5 23. Bxd6 Bxd1 24. Bxb4 Qxa4 25. Nd6 Rc7 26. Nb5 Rcd7 27.
Qxa4 Bxa4 28. Nc3 Nxd5 29. Nxd5 Rxd5 30. b3 Bc6 31. Bc4 Rd1 32. Kf1 Rxe1+ 33.
Kxe1 b6 34. Ke2 b5 35. Bd3 Bxg2 36. Bxb5 Bb7 37. Bc4 g6 38. Ke3 Rd7 39. Kf4 Kg7
40. Ke5 Bc8 41. f4 f6+ 0-1

[Event "FRA-chT"]
[Site "FRA"]
[Date "1998.05.09"]
[Round "9"]
[White "Loeffler, Markus"]
[Black "Gueneau, Christophe"]
[Result "1-0"]
[WhiteElo "2350"]
[BlackElo "2175"]
[PlyCount "39"]
[EventDate "1998.02.06"]
[Source "ChesBase"]
[SourceDate "1998.07.07"]

1. e4 e6 2. d4 d5 3. Nc3 Nf6 4. Bg5 Be7 5. e5 Ne4 6. Bxe7 Nxc3 7. Qg4 Qxe7 8.
Qxg7 Qb4 9. Qxh8+ Kd7 10. Rd1 Nxd1+ 11. Kxd1 Qxb2 12. Bd3 Nc6 13. Ne2 Qxa2 14.
Qxh7 Qb1+ 15. Nc1 a5 16. Qxf7+ Ne7 17. Bg6 Kc6 18. Qxe7 b6 19. Be8+ Kb7 20. Qa3
1-0

[Event "FRA-chT"]
[Site "FRA"]
[Date "1998.05.09"]
[Round "9"]
[White "Maze, Sebastien"]
[Black "Salus, Stephane"]
[Result "0-1"]
[WhiteElo "2175"]
[BlackElo "2200"]
[PlyCount "134"]
[EventDate "1998.02.06"]
[Source "ChesBase"]
[SourceDate "1998.07.07"]

1. e4 g6 2. d4 c6 3. Nf3 d5 4. exd5 cxd5 5. Bd3 Nc6 6. c3 Bg4 7. h3 Bxf3 8.
Qxf3 Bg7 9. O-O Nf6 10. Re1 O-O 11. Bf4 Rc8 12. Nd2 e6 13. Bg5 h6 14. Bh4 Nb8
15. Nf1 Nbd7 16. Ne3 Qb6 17. Re2 Nh7 18. Rae1 Ng5 19. Bxg5 hxg5 20. Ng4 Qd8 21.
Ne5 Bxe5 22. dxe5 Kg7 23. Rd1 Qe7 24. Qe3 Nb6 25. Rc2 Rh8 26. Be2 Nc4 27. Bxc4
Rxc4 28. Rd4 b5 29. Rxc4 bxc4 30. g4 Rb8 31. Kg2 Rb6 32. f3 f5 33. Qd2 f4 34.
Qd4 Qb7 35. Qf2 Ra6 36. a3 Qb6 37. Qe1 Ra5 38. Rd2 Rb5 39. Qe2 Rb3 40. Qf2 Kf7
41. Qxb6 Rxb6 42. Kf2 Rb8 43. Ke1 Ke7 44. Kd1 a5 45. Kc2 a4 46. Kd1 Rh8 47. Rh2
Kd7 48. Ke1 Kc6 49. Kf1 Kc5 50. Rd2 Rxh3 51. Kg2 Rh8 52. Kg1 Rd8 53. Rd4 Rb8
54. Rd2 d4 55. cxd4+ Kd5 56. Kf2 Rb3 57. Ke2 Re3+ 58. Kf2 Rb3 59. Ke2 Re3+ 60.
Kf2 Rd3 61. Rc2 Kxd4 62. Re2 Kd5 63. Rc2 Re3 64. Rd2+ Kxe5 65. Rc2 Kd5 66. Rd2+
Rd3 67. Rc2 e5 0-1

[Event "FRA-chT"]
[Site "FRA"]
[Date "1998.05.09"]
[Round "9"]
[White "Montheard, Xavier"]
[Black "Boudre, Jean Pierre"]
[Result "1-0"]
[WhiteElo "2220"]
[BlackElo "2380"]
[PlyCount "71"]
[EventDate "1998.02.06"]
[Source "ChesBase"]
[SourceDate "1998.07.07"]

1. e4 Nf6 2. e5 Nd5 3. c4 Nb6 4. c5 Nd5 5. Bc4 e6 6. Nc3 Nxc3 7. dxc3 Nc6 8.
Bf4 h5 9. Nf3 Bxc5 10. Qe2 a6 11. O-O-O b5 12. Bb3 Bb7 13. Ng5 Be7 14. h4 Bxg5
15. Bxg5 Ne7 16. Rhg1 Qc8 17. g4 hxg4 18. Bxe7 Bf3 19. Qe3 Kxe7 20. Rd2 d5 21.
Bd1 Kf8 22. Bxf3 gxf3 23. Rd4 Qd8 24. Rdg4 Rh7 25. Rxg7 Rxg7 26. Qh6 Ke7 27.
Rxg7 Kd7 28. Rxf7+ Kc6 29. Qxe6+ Kb7 30. Rxf3 d4 31. Rd3 c5 32. Rf3 Rc8 33. Rf6
Qa5 34. Rf7+ Rc7 35. Qd5+ Kb8 36. Rf8+ 1-0

[Event "FRA-chT"]
[Site "FRA"]
[Date "1998.05.09"]
[Round "9"]
[White "Mulder, Bart Piet"]
[Black "Schultz, Raphael"]
[Result "0-1"]
[WhiteElo "2210"]
[BlackElo "2235"]
[PlyCount "76"]
[EventDate "1998.02.06"]
[Source "ChesBase"]
[SourceDate "1998.07.07"]

1. Nf3 e6 2. g3 f5 3. b3 Nf6 4. Bb2 d5 5. Bg2 Be7 6. O-O O-O 7. d3 a5 8. a3 Bd7
9. c4 Nc6 10. Qc2 Be8 11. e3 Bh5 12. Nc3 Qd7 13. Ne2 h6 14. Nf4 Bf7 15. h4 Rae8
16. Rfe1 Bd8 17. d4 Ne4 18. Nd3 Kh8 19. c5 g5 20. hxg5 hxg5 21. b4 Bg6 22. b5
Nb8 23. c6 bxc6 24. Nde5 Qh7 25. bxc6 Kg7 26. Nxg6 Qxg6 27. Ne5 Qh7 28. Bc3 Rf6
29. Bxa5 Rh8 30. Bd2 Rh6 31. Kf1 Rh2 32. Bxe4 fxe4 33. Ke2 Bf6 34. Rf1 Bxe5 35.
dxe5 Qh5+ 36. Ke1 Rh1 37. Bc3 Rxf1+ 38. Kxf1 Qf3 0-1

[Event "FRA-chT"]
[Site "FRA"]
[Date "1998.05.09"]
[Round "9"]
[White "Pira, Davoud"]
[Black "Gachon, Lionel"]
[Result "1-0"]
[WhiteElo "2340"]
[BlackElo "2315"]
[PlyCount "81"]
[EventDate "1998.02.06"]
[Source "ChesBase"]
[SourceDate "1998.07.07"]

1. d4 Nf6 2. Nf3 g6 3. g3 Bg7 4. Bg2 O-O 5. O-O d6 6. Nc3 Nbd7 7. e4 e5 8. a4
a5 9. h3 c6 10. Be3 Re8 11. Re1 Qc7 12. Qd2 b6 13. Rad1 Ba6 14. Nh2 Rad8 15. f4
exd4 16. Bxd4 b5 17. axb5 cxb5 18. Ng4 b4 19. Nd5 Nxd5 20. Bxg7 Kxg7 21. Qxd5
Qc5+ 22. Kh2 Nb6 23. Qd4+ Qxd4 24. Rxd4 f5 25. Nf2 d5 26. e5 Rc8 27. c3 Rc4 28.
Rd2 Rd8 29. Bf1 b3 30. Nd1 Bb7 31. Bxc4 Nxc4 32. Rd4 a4 33. Re2 Bc6 34. Ne3
Nxe3 35. Rxe3 Rb8 36. Re1 Kf7 37. Ra1 Ke6 38. c4 Bb7 39. Rxa4 dxc4 40. Rdxc4
Rd8 41. Rd4 1-0

[Event "FRA-chT"]
[Site "FRA"]
[Date "1998.05.09"]
[Round "9"]
[White "Relange, Eloi"]
[Black "Hebden, Mark"]
[Result "1/2-1/2"]
[WhiteElo "2490"]
[BlackElo "2585"]
[PlyCount "77"]
[EventDate "1998.02.06"]
[Source "ChesBase"]
[SourceDate "1998.07.07"]

1. e4 e5 2. Nf3 Nc6 3. Bb5 a6 4. Ba4 Nf6 5. O-O Be7 6. Re1 b5 7. Bb3 O-O 8. h3
Bb7 9. d3 d6 10. c3 Re8 11. Nbd2 Bf8 12. Nf1 h6 13. a4 Na5 14. Bc2 c5 15. N3h2
d5 16. Ng4 d4 17. axb5 axb5 18. Qf3 Nxg4 19. hxg4 Bc8 20. cxd4 cxd4 21. Bb3 Be6
22. Bd5 Bxd5 23. exd5 Nb3 24. Rxa8 Qxa8 25. Bd2 Qa4 26. Bf4 Bd6 27. Ng3 Qa5 28.
Re2 Qd8 29. Bd2 Bf8 30. Ne4 Nc5 31. Re1 Nxe4 32. Qxe4 Qd7 33. Rc1 f6 34. Rc6 h5
35. d6 hxg4 36. Bb4 Qe6 37. Rc7 Bxd6 38. Bxd6 Qxd6 39. Qg6 1/2-1/2

[Event "FRA-chT"]
[Site "FRA"]
[Date "1998.05.09"]
[Round "9"]
[White "Renet, Olivier"]
[Black "Solozhenkin, Evgeniy"]
[Result "1-0"]
[WhiteElo "2490"]
[BlackElo "2500"]
[PlyCount "87"]
[EventDate "1998.02.06"]
[Source "ChesBase"]
[SourceDate "1998.07.07"]

1. Nf3 Nf6 2. c4 c5 3. e3 g6 4. b3 Bg7 5. Bb2 O-O 6. Be2 b6 7. O-O Bb7 8. d3
Nc6 9. Nbd2 d5 10. cxd5 Qxd5 11. a3 Rfe8 12. Qc2 e5 13. Rfd1 Rad8 14. Rac1 h6
15. Qb1 Nh7 16. Nc4 Ng5 17. Ba1 b5 18. Ncd2 Ne6 19. Ne4 b4 20. Qa2 Ba6 21. Ne1
bxa3 22. Qxa3 Nb4 23. Bf3 Qd7 24. Nxc5 Nxc5 25. Rxc5 Nxd3 26. Nxd3 Bxd3 27. Rd5
Qxd5 28. Bxd5 Rxd5 29. Qxa7 Be4 30. Rxd5 Bxd5 31. Qb6 Kh7 32. h3 Rc8 33. Bb2
Rc2 34. Ba3 Rc3 35. Qa5 Rd3 36. b4 Rd1+ 37. Kh2 e4 38. b5 Be5+ 39. g3 h5 40. h4
Be6 41. Qa4 Bg4 42. Qxe4 Bc3 43. b6 Be1 44. b7 1-0

[Event "FRA-chT"]
[Site "FRA"]
[Date "1998.05.09"]
[Round "9"]
[White "Riff, Sebastien"]
[Black "Carton, Camille"]
[Result "1-0"]
[WhiteElo "2235"]
[BlackElo "2080"]
[PlyCount "67"]
[EventDate "1998.02.06"]
[Source "ChesBase"]
[SourceDate "1998.07.07"]

1. e4 e6 2. d4 d5 3. Nd2 Nf6 4. e5 Nfd7 5. f4 c5 6. c3 cxd4 7. cxd4 Qa5 8. Bd3
Nc6 9. Ne2 Qb6 10. Nf3 f6 11. g3 Be7 12. Kf1 O-O 13. Kg2 Kh8 14. Bb1 a5 15. Qd3
f5 16. Ng5 Nb4 17. Qf3 Qc6 18. h4 Bxg5 19. hxg5 g6 20. Bd2 Nb6 21. a3 Nc4 22.
Bc3 Na6 23. b3 Nb6 24. Bxa5 Nb8 25. Rc1 Qb5 26. Rc5 Qa6 27. Bb4 Bd7 28. Ra5
Qxa5 29. Bxa5 Rxa5 30. Qc3 Nc6 31. b4 Raa8 32. b5 Na5 33. Bd3 Nac4 34. Qb4 1-0

[Event "FRA-chT"]
[Site "FRA"]
[Date "1998.05.09"]
[Round "9"]
[White "Roos, Jean Luc"]
[Black "Gouret, Thierry"]
[Result "0-1"]
[WhiteElo "2315"]
[BlackElo "2275"]
[PlyCount "86"]
[EventDate "1998.02.06"]
[Source "ChesBase"]
[SourceDate "1998.07.07"]

1. e4 d5 2. exd5 Nf6 3. Nf3 Qxd5 4. Nc3 Qh5 5. Be2 Bg4 6. d3 Nc6 7. Bf4 e5 8.
Bg3 O-O-O 9. Qc1 Bd6 10. h3 Nd4 11. Nxd4 exd4 12. Bxg4+ Nxg4 13. Bxd6 dxc3 14.
Bg3 Nh2 15. Bf4 Rhe8+ 16. Be3 Qg5 17. g3 cxb2 18. Qxb2 Rxe3+ 19. fxe3 Qxe3+ 20.
Kd1 Qf3+ 21. Kd2 Qg2+ 22. Kc3 Rd6 23. Qc1 Qc6+ 24. Kd2 Nf3+ 25. Ke3 Re6+ 26.
Kf2 Nd4 27. Qd1 Rf6+ 28. Kg1 Nf3+ 29. Kf2 Ne1+ 30. Kxe1 Qxh1+ 31. Kd2 Qg2+ 32.
Kc3 Qc6+ 33. Kd2 Rf2+ 34. Ke3 Qc5+ 35. d4 Qxc2 36. Rc1 Qxd1 37. Rxd1 Rxa2 38.
h4 Kd7 39. Kf4 a5 40. h5 Rh2 41. g4 b5 42. Ke5 Rg2 43. Kf4 a4 0-1

[Event "FRA-chT"]
[Site "FRA"]
[Date "1998.05.09"]
[Round "9"]
[White "Samara, Fred"]
[Black "Guidarelli, Laurent"]
[Result "0-1"]
[WhiteElo "2195"]
[BlackElo "2225"]
[PlyCount "72"]
[EventDate "1998.02.06"]
[Source "ChesBase"]
[SourceDate "1998.07.07"]

1. e4 c5 2. Nf3 Nc6 3. d4 cxd4 4. Nxd4 e5 5. Nb5 d6 6. Bc4 Be6 7. Bxe6 fxe6 8.
c4 Be7 9. O-O Nf6 10. N1c3 a6 11. Na3 O-O 12. Bg5 Rc8 13. Rc1 Qb6 14. Qd2 Nd4
15. Bxf6 Bxf6 16. b3 Qa5 17. Nab1 h6 18. Rcd1 Bg5 19. Qd3 b5 20. cxb5 axb5 21.
Ne2 Qxa2 22. Nxd4 exd4 23. Qxd4 Rc2 24. Rd3 Rcxf2 25. Rxf2 Qxb1+ 26. Rd1 Be3
27. Rxb1 Bxd4 28. Rbb2 Rxf2 29. Rxf2 e5 30. Kf1 Bxf2 31. Kxf2 Kf7 32. Ke3 Ke6
33. g4 d5 34. h4 g6 35. exd5+ Kxd5 36. h5 g5 0-1

[Event "FRA-chT"]
[Site "FRA"]
[Date "1998.05.09"]
[Round "9"]
[White "Sarthou, Gaetan"]
[Black "Goldgewicht, Lionel"]
[Result "1-0"]
[WhiteElo "2305"]
[BlackElo "2365"]
[PlyCount "57"]
[EventDate "1998.02.06"]
[Source "ChesBase"]
[SourceDate "1998.07.07"]

1. e4 e6 2. Qe2 c5 3. f4 Nc6 4. Nf3 Be7 5. d3 d6 6. Be3 Nf6 7. Nbd2 Qa5 8. c3
b5 9. h3 b4 10. c4 b3 11. a3 O-O 12. g4 d5 13. e5 Nd7 14. Bg2 Nb6 15. O-O Qa4
16. Rac1 Ba6 17. f5 dxc4 18. dxc4 Na5 19. f6 gxf6 20. exf6 Bxf6 21. Ne4 Bg7 22.
Bh6 Bxh6 23. Nf6+ Kg7 24. g5 Bxc4 25. Qe5 Bxf1 26. gxh6+ Kh8 27. Qg5 Rg8 28.
Nxg8 Rxg8 29. Qf6+ 1-0

[Event "FRA-chT"]
[Site "FRA"]
[Date "1998.05.09"]
[Round "9"]
[White "Summerscale, Aaron"]
[Black "Fontaine, Robert"]
[Result "1-0"]
[WhiteElo "2440"]
[BlackElo "2365"]
[PlyCount "101"]
[EventDate "1998.02.06"]
[Source "ChesBase"]
[SourceDate "1998.07.07"]

1. Nf3 d5 2. d4 Nf6 3. c4 c6 4. e3 e6 5. Bd3 Nbd7 6. Nbd2 Bd6 7. e4 dxe4 8.
Nxe4 Nxe4 9. Bxe4 Nf6 10. Bc2 b6 11. O-O Bb7 12. Bg5 Qc7 13. Qe2 O-O-O 14. c5
bxc5 15. dxc5 Bxc5 16. Rfc1 Kb8 17. Ba4 Bd6 18. b4 Rc8 19. Bh4 Nd5 20. Bg3 Bxg3
21. hxg3 Rhd8 22. Ne5 Nb6 23. Nxc6+ Bxc6 24. Bxc6 Rd6 25. b5 Nd5 26. Qb2 Nf6
27. a4 Rcd8 28. a5 Rd2 29. Qc3 R8d3 30. Qc4 Rd4 31. Qb3 R4d3 32. b6 Qxc6 33.
Qb4 Qd6 34. Qc4 Qd7 35. b7 Rd1+ 36. Kh2 Rxc1 37. Rxc1 Kxb7 38. a6+ Kb8 39. Rb1+
Ka8 40. Rb7 Qd8 41. Qc5 Ng4+ 42. Kh3 Nxf2+ 43. Qxf2 Qd4 44. Qxf7 Rxg3+ 45. Kxg3
Qe3+ 46. Qf3 Qg5+ 47. Kh3 Qh6+ 48. Kg4 Qg6+ 49. Kf4 e5+ 50. Ke3 Qh6+ 51. Ke2
1-0

[Event "FRA-chT"]
[Site "FRA"]
[Date "1998.05.09"]
[Round "9"]
[White "Szabolcsi, Janos"]
[Black "Beikert, Guenther"]
[Result "1-0"]
[WhiteElo "2390"]
[BlackElo "2495"]
[PlyCount "75"]
[EventDate "1998.02.06"]
[Source "ChesBase"]
[SourceDate "1998.07.07"]

1. d4 d5 2. Bf4 Nf6 3. e3 e6 4. c3 Bd6 5. Nh3 O-O 6. Nd2 Nc6 7. Bxd6 cxd6 8.
Nf4 e5 9. Nd3 Bg4 10. f3 Bf5 11. Be2 b5 12. O-O Qb6 13. Kh1 Rfe8 14. f4 exd4
15. exd4 b4 16. Nf2 bxc3 17. bxc3 Re3 18. g4 Rae8 19. Bf3 Be4 20. Bxe4 Nxe4 21.
Nfxe4 R3xe4 22. Nxe4 dxe4 23. Qa4 Kf8 24. d5 Na5 25. Rab1 Qc7 26. Qd4 Nc4 27.
Rb4 Nb6 28. Re1 Qc8 29. f5 Nd7 30. Rxe4 Rxe4 31. Qxe4 Qxc3 32. Rb1 Qa3 33. g5
Qxa2 34. Rc1 Nc5 35. Qd4 Qa3 36. Qf4 Qa6 37. f6 Nd3 38. Qxd6+ 1-0

[Event "FRA-chT"]
[Site "FRA"]
[Date "1998.05.09"]
[Round "9"]
[White "Tagnon, Nicole"]
[Black "Kovarcik, Guillaume"]
[Result "1/2-1/2"]
[WhiteElo "2080"]
[BlackElo "2090"]
[PlyCount "104"]
[EventDate "1998.02.06"]
[Source "ChesBase"]
[SourceDate "1998.07.07"]

1. e4 d5 2. exd5 Qxd5 3. Nc3 Qa5 4. d4 c6 5. Nf3 Nf6 6. Bd2 Bf5 7. Ne5 Nbd7 8.
Nc4 Qd8 9. Bf4 Nb6 10. Ne5 h6 11. Be2 e6 12. O-O Bd6 13. Bg3 O-O 14. Bf3 Qc7
15. Qe2 Nbd7 16. Nd1 Rab8 17. Ne3 Rbd8 18. Nxf5 exf5 19. Rfe1 Rfe8 20. h4 Re7
21. Qd3 g6 22. Qc3 Rde8 23. Nxd7 Qxd7 24. Rxe7 Rxe7 25. Bxd6 Qxd6 26. Qd2 Kg7
27. c4 Ne4 28. Qd3 Qf6 29. g3 g5 30. hxg5 hxg5 31. Re1 Nc5 32. Qd2 Rxe1+ 33.
Qxe1 Qxd4 34. Qe7 Ne6 35. Qxb7 g4 36. Bxc6 f4 37. Be8 Ng5 38. Qd5 Nh3+ 39. Kh1
Nxf2+ 40. Kh2 fxg3+ 41. Kxg3 Qe3+ 42. Kg2 Qxe8 43. Kxf2 Kg6 44. Qd6+ Kg5 45.
Qd2+ Kg6 46. Qd4 f5 47. c5 Qc6 48. Qe3 Kf7 49. b4 Qe4 50. Qb3+ Ke7 51. Qe3 a6
52. Qc3 Kd7 1/2-1/2

[Event "FRA-chT"]
[Site "FRA"]
[Date "1998.05.09"]
[Round "9"]
[White "Toulzac, Pierre Yves"]
[Black "Varlet, Nicolas"]
[Result "1-0"]
[WhiteElo "2265"]
[BlackElo "2230"]
[PlyCount "65"]
[EventDate "1998.02.06"]
[Source "ChesBase"]
[SourceDate "1998.07.07"]

1. d4 Nf6 2. c4 g6 3. Nc3 d5 4. cxd5 Nxd5 5. Na4 Bg7 6. e4 Nb4 7. a3 N4a6 8.
Be3 O-O 9. Be2 e5 10. Nf3 exd4 11. Bxd4 Bxd4 12. Qxd4 Qxd4 13. Nxd4 Rd8 14.
O-O-O c6 15. Nf5 Rd7 16. Ne7+ Rxe7 17. Rd8+ Kg7 18. Rxc8 b5 19. Rd1 Nc7 20. Nc5
Ne6 21. Nxe6+ fxe6 22. Rdd8 Rb7 23. e5 a5 24. b3 Rf7 25. Rxb8 Rxb8 26. Rxb8
Rxf2 27. Bf3 Rf1+ 28. Kd2 Rf2+ 29. Kc3 Rf1 30. Rb6 Re1 31. Kd4 c5+ 32. Kxc5
Rxe5+ 33. Kc6 1-0

[Event "FRA-chT"]
[Site "FRA"]
[Date "1998.05.09"]
[Round "9"]
[White "Touzane, Olivier"]
[Black "Sellos, Didier"]
[Result "0-1"]
[WhiteElo "2350"]
[BlackElo "2405"]
[PlyCount "80"]
[EventDate "1998.02.06"]
[Source "ChesBase"]
[SourceDate "1998.07.07"]

1. d4 Nf6 2. c4 e6 3. Nc3 Bb4 4. Qc2 d5 5. cxd5 exd5 6. Bg5 c6 7. e3 Nbd7 8.
Bd3 Qa5 9. Nge2 O-O 10. O-O Re8 11. a3 Bd6 12. b4 Qc7 13. h3 a6 14. f3 h6 15.
Bxf6 Nxf6 16. e4 Qb6 17. Kh1 Bb8 18. e5 Nd7 19. f4 Qd8 20. Ng3 Nf8 21. Nce2 Ba7
22. Rf3 Bb6 23. Raf1 a5 24. f5 Qg5 25. Rf4 h5 26. h4 Qh6 27. Ng1 axb4 28. axb4
Ra1 29. Nh3 Rxf1+ 30. Bxf1 Bd7 31. Be2 g6 32. Ng5 Bd8 33. fxg6 fxg6 34. Qc1 Ne6
35. Nxe6 Rxe6 36. Nxh5 Bxh4 37. Kg1 Bg5 38. Nf6+ Kh8 39. Ne8 Bxf4 40. Qc5 Be3+
0-1